| 000 | 01004nam2a22002531 4500 | ||
|---|---|---|---|
| 001 | RU\NLR\INFOCOMM29\5000000307 | ||
| 005 | 20250617015205.0 | ||
| 035 | _a(NLR Aleph) 002357135 | ||
| 090 |
_a4530798 _c4530798 |
||
| 100 | _a20041122f19251926|||y0rusy50 ca | ||
| 101 | 0 | _arus | |
| 102 | _aRU | ||
| 105 | _ay ||||000|y | ||
| 200 | 0 | _a№5 | |
| 210 |
_dБ.г. _aБ. м. |
||
| 300 | _aВышел в виде плаката | ||
| 461 | 0 |
_1001RU\NLR\INFOCOMM29\5000000278 _12001#$aЛисток$fСамарская станция защиты растений от вредителей$v№5 _94530782 _aСредне-Волжская краевая станция защиты растений (Куйбышев) _cСамара _d1925-1930 _fСамарская станция защиты растений от вредителей _tЛисток _v№5 |
|
| 801 | 1 |
_aRU _bInfoComm _c20041122 |
|
| 801 | 0 |
_aRU _bNLR _gPSBO |
|
| 852 |
_aNLR _j80/248 |
||
| 942 | _cISSUE | ||
| 980 | _aNB | ||
| 980 | _aRUSPER | ||